Compulsory competitive tendering: preparing for competition (sound recording) (Record no. 85236)
[ view plain ]
| 000 -LEADER | |
|---|---|
| fixed length control field | 01441cgm a2200337 4500 |
| 001 - CONTROL NUMBER | |
| control field | E2519 |
| 008 - FIXED-LENGTH DATA ELEMENTS--GENERAL INFORMATION | |
| fixed length control field | 090401t1995 xxu||||| |||| 00| 0 eng d |
| 035 ## - SYSTEM CONTROL NUMBER | |
| System control number | (Sirsi) u39740 |
| 041 ## - LANGUAGE CODE | |
| Language code of text/sound track or separate title | eng |
| 050 ## - LIBRARY OF CONGRESS CALL NUMBER | |
| Classification number | 352.1 |
| 100 ## - MAIN ENTRY--PERSONAL NAME | |
| Personal name | Darg, Alan |
| 245 ## - TITLE STATEMENT | |
| Title | Compulsory competitive tendering: preparing for competition (sound recording) |
| 260 ## - PUBLICATION, DISTRIBUTION, ETC. | |
| Place of publication, distribution, etc. | London |
| Name of publisher, distributor, etc. | RICS |
| Date of publication, distribution, etc. | 1995 |
| 300 ## - PHYSICAL DESCRIPTION | |
| Extent | 1 sound cassette (60 min.) |
| 350 ## - PRICE (NR) (BK AM CF MU VM SE) [OBSOLETE] | |
| Price | 11.06 |
| 490 ## - SERIES STATEMENT | |
| Series statement | Owlion Audio Programme |
| 520 ## - SUMMARY, ETC. | |
| Summary, etc. | From 1st April 1996 Local Authorities in the UK will be required by law to put a large proportion of their construction and property services work out to competition. In-house teams will only be able to continue to carry out such work if they win by competition. This new situtation presents a wide range of opportunities for surveyors in both the public and private sectors. This programme covers the complex legislation of Compulsory Competitive Tendering and its implementation. |
| 650 ## - SUBJECT ADDED ENTRY--TOPICAL TERM | |
| Topical term or geographic name entry element | AUDIO CASSETTES |
| 650 ## - SUBJECT ADDED ENTRY--TOPICAL TERM | |
| Topical term or geographic name entry element | CCT |
| 650 ## - SUBJECT ADDED ENTRY--TOPICAL TERM | |
| Topical term or geographic name entry element | COMPULSORY COMPETITIVE TENDERING |
| 690 ## - LOCAL SUBJECT ADDED ENTRY--TOPICAL TERM (OCLC, RLIN) | |
| Topical term or geographic name as entry element | MANAGEMENT-BUSINESS MANAGEMENT-PROFESSIONAL PRACTICE |
| 700 ## - ADDED ENTRY--PERSONAL NAME | |
| Personal name | Albon, B. |
| 700 ## - ADDED ENTRY--PERSONAL NAME | |
| Personal name | Footitt, Richard |
| 700 ## - ADDED ENTRY--PERSONAL NAME | |
| Personal name | Grierson, James |
| 700 ## - ADDED ENTRY--PERSONAL NAME | |
| Personal name | Johnstone, Lawrence |
| 700 ## - ADDED ENTRY--PERSONAL NAME | |
| Personal name | Powell, Alan |
| 710 ## - ADDED ENTRY--CORPORATE NAME | |
| Corporate name or jurisdiction name as entry element | Royal Institution of Chartered Surveyors |
| 9 (RLIN) | 4900 |
| 710 ## - ADDED ENTRY--CORPORATE NAME | |
| Corporate name or jurisdiction name as entry element | College of Estate Management |
| 9 (RLIN) | 400 |
| 942 ## - ADDED ENTRY ELEMENTS (KOHA) | |
| Suppress in OPAC | 0 |
| 948 ## - LOCAL PROCESSING INFORMATION (OCLC); SERIES PART DESIGNATOR (RLIN) | |
| c (OCLC) | 04/03/1997 |
| Withdrawn status | Lost status | Source of classification or shelving scheme | Damaged status | Not for loan | Home library | Current library | Shelving location | Date acquired | Cost, normal purchase price | Total Checkouts | Full call number | Barcode | Date last seen | Date last checked out | Copy number | Cost, replacement price | Price effective from | Koha item type |
|---|---|---|---|---|---|---|---|---|---|---|---|---|---|---|---|---|---|---|
| Dewey Decimal Classification | London | London | Basement | 13/12/1996 | 11.06 | 16 | SHELF 330 | 30050970 | 06/08/2019 | 10/10/2003 | 1 | 11.06 | 06/08/2019 | Audio |